| 000 | 01649nam a2200373 c 4500 | ||
|---|---|---|---|
| 003 | BLK | ||
| 005 | 20180422100103.0 | ||
| 008 | 180407b bul|||||r ||||||| ||bul|| | ||
| 010 | _aKNG00034931000 | ||
| 040 | _aBLK | ||
| 041 |
_aBUL _cBUL |
||
| 080 |
_aБългарска литература _b821.163.2 _x-312.6 _z821.163.2-312.6 |
||
| 080 |
_aПолитика. Вж и 341 ; 342 _b32 _x(497.2)(092) _z32(497.2)(092) |
||
| 080 |
_aБългарски политик, държавник и дипломат _b929 Дойнов, Огнян Наков _x _z929 Дойнов, Огнян Наков |
||
| 100 | 1 |
_aХристозов, Петър _eпърви автор _9251078 |
|
| 700 | 1 |
_aВълчев, Христо Димитров _e* _9366782 |
|
| 139 |
_aХристозов, Петър _bХ 82 |
||
| 245 | 1 | 0 |
_aЧовекът, който умееше да прави само пари _bРоман [за Огнян Дойнов] _cПетър Христозов; * Христо Димитров Вълчев. |
| 257 | _aBGR | ||
| 260 |
_аСофия _bАрена _c2000 _fВраца : Полипринт АД |
||
| 300 |
_a142 с. _c20 см |
||
| 380 | _aX | ||
| 500 | _aПетър Христозов - псевд. на Христо Вълчев. - Офс. изд. - 2 000 тир. | ||
| 600 | 1 | 4 |
_aДойнов, Огнян Наков _9272162 |
| 650 | 4 |
_aДойнов, Огнян Наков _9272162 |
|
| 653 | _aромани | ||
| 653 | _aбиографии | ||
| 653 | _aполитически романи | ||
| 852 | _aЦб 207129 | ||
| 856 | 4 |
_qpdf _u |
|
| 856 | 4 |
_qpdf _u |
|
| 942 |
_cKNG _n0 |
||
| 944 |
_aCR _c15.01.2003 _kЛюдмила_Стоянова |
||
| 944 |
_aED _c06.11.2003 _k |
||
| 999 |
_c32261 _d32261 |
||